000
00264nam a22001097a 4500
082
_a
621.381 STA'E
100
_a
STANLEY, J. A
_9
56498
245
_a
ELECTRONIC SERVICING FOR THE BEGINNER
260
_a
NEWYORK
_b
HOWARD W. SAMS
_c
1863
300
_a
159P
942
_c
BK
999
_c
585070
_d
585070